| 000 | 00724 a2200265 4500 | ||
|---|---|---|---|
| 003 | DLC | ||
| 005 | 20260325150209.0 | ||
| 008 | 2025s2025 xx 000 0 eng d | ||
| 020 | _a9780197764947 | ||
| 040 |
_aDLC _beng |
||
| 050 | 4 | _aRT42 .I58 2025 | |
| 100 | 1 |
_aKreitzer, Mary Jo _eauthor. |
|
| 245 | 1 | 0 |
_aIntegrative Nursing _cedited by Kreitzer, Mary Jo. and Mary Koithan _bA whole health perspective |
| 264 | 1 |
_bOxford University Press, Incorporated _c2025 |
|
| 300 | _a504 pages | ||
| 336 | _2koha | ||
| 338 | _2koha | ||
| 650 | 0 | _aNursing | |
| 650 | 0 | _aNursing care plans | |
| 650 | 0 | _aNursing Care | |
| 650 | 0 | _aIntegrative Medicine | |
| 650 | 0 | _aMethods | |
| 650 | 0 | _aNursing Process | |
| 942 |
_2lcc _cBK |
||
| 999 |
_c44164 _d44164 |
||